The physics suite

Saved in:
Bibliographic Details
Main Authors: Wittmann, Michael C (Author), Steinberg, Richard N (Author), Redish, Edward F (Author)
Format: Book
Language:English
Published: Hoboken John Wiley and Sons 2004
Series:Activity-based tutorials
Subjects:
Tags: Add Tag
No Tags, Be the first to tag this record!

MARC

LEADER 00000nam a2200000 a 4500
001 UCG7251
003 CL-VaPUC
008 110701e20040000us |||||||||||||||||eng|d
020 |a 0471487767v.1 
020 |a 0471487775v.2 
082 0 4 |a 530  |b WIT  |2 21 
100 0 |a Wittmann, Michael C  |e author  |9 557950 
700 0 |a Steinberg, Richard N  |e author  |9 557951 
700 0 |a Redish, Edward F  |e author  |9 557952 
245 1 4 |a The physics suite 
300 |a v 
942 |c BK 
945 |d 20110701 00:00:00  |a dcastane 
260 |a Hoboken  |b John Wiley and Sons  |c 2004 
500 |a v.1: introductory physics 
500 |a v.2: modern physics 
650 0 |a Física teórica  |9 345827 
650 0 |a Física matemática   |9 260981 
650 7 |a PROPIEDADES DE LA MATERIA  |2 CL-VaPUC  |9 316816 
650 0 |a Cinemática  |9 260942 
650 7 |a CALOR Y TERMODINAMICA  |2 CL-VaPUC  |9 557953 
650 7 |a LUZ Y COLOR  |2 CL-VaPUC  |9 557954 
650 0 |a Magnetismo  |9 260336 
650 0 |a Astronomía  |9 260985 
650 0 |a Problemas, ejercicios, etc  |9 259377 
583 |a last modification  |c 20171116 02:04:25  |k Rodrigo Vera 
490 0 |a Activity-based tutorials 
999 |c 345310  |d 345308 
952 |0 0  |1 0  |4 0  |6 530_000000000000000_WIT_2004  |7 0  |8 A  |9 443812  |a BIBCUR  |b BIBCUR  |d 2019-11-22  |h v.1  |i 4786475  |o 530 WIT 2004  |p 4786475  |r 2025-04-22  |w 2019-11-22  |y BK  |k MDC 
952 |0 0  |1 0  |4 0  |6 530_000000000000000_WIT_2004  |7 0  |8 A  |9 443813  |a BIBCUR  |b BIBCUR  |d 2019-11-22  |h v.2  |i 4786483  |o 530 WIT 2004  |p 4786483  |r 2025-04-22  |w 2019-11-22  |y BK  |k MDC